Detalles MARC
| 000 -LIDER |
| fixed length control field |
01787nam a22003617a 4500 |
| 001 - NÚMERO DE CONTROL |
| Identificador de número de control |
000013015 |
| 003 - IDENTIFICACDOR DE NÚMERO DE CONTROL |
| control field |
DO-SdBNP |
| 005 - DATE AND TIME OF LATEST TRANSACTION |
| control field |
20180314102049.0 |
| 007 - CAMPOS FIJOS DE DESCRIPCIÓN FÍSICA |
| fixed length control field |
000013015 |
| 008 - ELEMENTOS DE LONGITUD FIJA |
| fixed length control field |
160509b 2009 dr a ||||| |||| 00| 0 spa d |
| 020 ## - ISBN |
| International Standard Book Number |
9789945171990 |
| 040 ## - FUENTE DE CATALOGACIÓN |
| Agencia que crea de manera original el registro |
BPMSU |
| Idioma de catalogación |
spa |
| Agencia que realiza la transcripción |
BPMSU |
| 082 ## - NÚMERO DE CLASIFICACIÓN DECIMAL DE DEWEY |
| Classification number |
373.54 |
| Item number |
Q69e 4to. 2009 |
| 245 10 - MENCIÓN DE TITULO |
| Título |
Química 4 : |
| Subtítulo |
educación media / |
| Mención de responsabilidad |
Denise Pineda ... [et al.] ; coordinación editorial Cristiana Amiama Espaillat ; dirección editorial Luis Miguel Aguas Vanin ; ilustración Henry Cid ... [et al.]. |
| 260 ## - PUBLICACIÓN, DISTRIBUCIÓN, ETC. (PIE DE IMPRENTA) |
| Lugar de publicación, distribución, etc |
Santo Domingo : |
| Nombre del editor, distribuidor, etc. |
SM ; |
| Fecha de publicación, distribución, etc |
2009 |
| 300 ## - DESCRIPCIÓN FÍSICA |
| Extensión |
191 p. : |
| Otros detalles físicos |
il. ; |
| Dimensiones |
28 cm. |
| 490 1# - MENCIÓN DE SERIES |
| Materiales especificados |
Proyecto saber más |
| 505 ## - NOTA DE CONTENIDO |
| Información miscelánea |
Unidad 1 |
| Título |
Química orgánica -- |
| Información miscelánea |
Unidad 2 |
| Título |
Hidrocarburos -- |
| Información miscelánea |
Unidad 3 |
| Título |
Química del petróleo -- |
| Información miscelánea |
Unidad 4 |
| Título |
Alcoholes, aldehídos y cetonas -- |
| Información miscelánea |
Unidad 5 |
| Título |
Ácidos carboxílicos, ésteres y éteres -- |
| Información miscelánea |
Unidad 6 |
| Título |
Halogenuros, nitrogenados y sulfuratos – |
| Información miscelánea |
Unidad 7 |
| Título |
Glúcidos y lípidos – |
| Información miscelánea |
Unidad 8 |
| Título |
Proteínas y ácidos nucleícos – |
| -- |
Anexo 1. Química inorgánica – |
| -- |
Anexo 2. Química orgánica – |
| -- |
Anexo 3. Pruebas Nacionales – |
| -- |
Diccionario científico – |
| -- |
Tabla periódica. |
| 650 #4 - ENCABEZAMIENTO DE MATERIA--TEMÁTICO |
| Término temático o nombre geográfico como elemento de entrada |
QUÍMICA |
| Subdivisión temática general |
ENSEÑANZA SECUNDARIA |
| 650 #4 - ENCABEZAMIENTO DE MATERIA--TEMÁTICO |
| Término temático o nombre geográfico como elemento de entrada |
QUÍMICA |
| Subdivisión temática general |
EDUCACIÓN SECUNDARIA |
| 650 #4 - ENCABEZAMIENTO DE MATERIA--TEMÁTICO |
| Término temático o nombre geográfico como elemento de entrada |
QUÍMICA |
| Subdivisión temática general |
ESTUDIOS Y EJERCICIOS |
| 650 #4 - ENCABEZAMIENTO DE MATERIA--TEMÁTICO |
| Término temático o nombre geográfico como elemento de entrada |
QUÍMICA |
| Subdivisión temática general |
LIBROS DE TEXTOS |
| 650 #4 - ENCABEZAMIENTO DE MATERIA--TEMÁTICO |
| Término temático o nombre geográfico como elemento de entrada |
EDUCACIÓN SECUNDARIA |
| Subdivisión geográfica |
REPÚBLICA DOMINICANA |
| 700 1# - ASIENTO SECUNDARIO -- NOMBRE PERSONAL |
| Nombre personal |
Pineda, Denise |
| 700 1# - ASIENTO SECUNDARIO -- NOMBRE PERSONAL |
| Nombre personal |
Aguas Vanin, Luis Miguel, |
| Mención de responsabilidad |
ed. |
| 700 12 - ASIENTO SECUNDARIO -- NOMBRE PERSONAL |
| Nombre personal |
Cid, Henry, |
| Mención de responsabilidad |
il. |
| 700 1# - ASIENTO SECUNDARIO -- NOMBRE PERSONAL |
| Nombre personal |
Espaillat, Cristina Amiama, |
| Mención de responsabilidad |
ed. |
| 830 #0 - ASIENTO SECUNDARIO DE SERIE--TÍTULO UNIFORME |
| Nombre de la parte o sección de una obra |
Proyecto saber más |
| 910 ## - VALIDACIÓN |
| Validación |
Validado. Control de calidad MFF |
| 942 ## - ADDED ENTRY ELEMENTS (KOHA) |
| Source of classification or shelving scheme |
Dewey Decimal Classification |
| Koha item type |
Libros |
| 945 ## - INFORMACIÓN DE PROCESAMIENTO LOCAL |
| Información de procesamiento local |
Remanejado para la BNPHU, 2018 / BT |
| 956 ## - LOCAL ELECTRONIC LOCATION AND ACCESS (OCLC) |
| Método de acceso |
LOPEREZ |
| Materiales especificados |
10 |
| Enlace |
20160905 |
| Campo enlazado y núm. de secuencia |
BPMSU |
| Nombre de host |
00041 |